00441nam a2200169Ia 450000500170000000800410001704000190005804100120007708200130008910000160010224500360011826000430015430000170019765000170021465100300023185000100026120260618142912.0131103s9999 xx 000 0 und d aLoreto College aEnglish a232bLAM aLamplighter aSigns which he didcLamplighter aLondonbBurns Oates & Washbournec1936 a244p.b ill. aChristianity aJesus christ & his family aLCLIB